|
|
|
|
| LEADER |
00993nam a2200265 i 4500 |
| 001 |
c000236035 |
| 003 |
CARM |
| 005 |
00000000000000.0 |
| 008 |
840301s1977 mx 0 eng d |
| 019 |
1 |
|
|a 1468878
|5 LACONCORD2021
|
| 035 |
|
|
|a (OCoLC)5241306
|5 LACONCORD2021
|
| 082 |
0 |
4 |
|a 271/.3/08
|
| 100 |
1 |
|
|a Canedo, Lino Gómez,
|d 1908-
|
| 245 |
1 |
0 |
|a Evangelizacion y conquista :
|b experiencia franciscana en Hispanoamerica /
|c Lino Gomez Canedo .
|
| 250 |
|
|
|a 1. ed.
|
| 260 |
|
|
|a Mexico :
|b Editorial Porrua,
|c 1977 .
|
| 300 |
|
|
|a xxiii, 393 p. ;
|c 24 cm.
|
| 440 |
|
0 |
|a Biblioteca Porrúa ;
|v 65
|
| 504 |
|
|
|a Bibliography: p. 361-374.
|
| 610 |
2 |
0 |
|a Franciscans
|x Missions.
|
| 610 |
2 |
0 |
|a Franciscans
|z Latin America.
|
| 650 |
|
0 |
|a Missions
|z Latin America.
|
| 852 |
8 |
|
|b CARM
|h A2:AQ26F0
|i C08488
|p 0329543
|f BK
|
| 999 |
f |
f |
|i c7855ce2-c63c-5644-b794-964e9cece7f6
|s ddbe8946-3747-50ee-bbbf-4b2a2f32d8d7
|
| 952 |
f |
f |
|p Can circulate
|a CAVAL
|b CAVAL
|c CAVAL
|d CARM 1 Store
|e C08488
|f A2:AQ26F0
|h Other scheme
|i book
|m 0329543
|